00578nam a2200169Ia 4500008004100000020001900041082001700060100002000077245003700097250001200134260004500146300001600191600001600207942000700223952016100230999001700391250522s9999 xx 000 0 und d a978-0471154969 a510.2462 KRE aKreyszig, Erwin 0aAdvanced Engineering Mathematics a8th ed. aNew York:bJohn Wiley & Sons Inc.,c2000 axvi, 1156p. aMathematics cGB 00104070aUITUbUITUcGIFd2025-05-22eGifted by Dr. Waseem Akhterl0o510.2462 KREpG38r2025-05-22 16:43:26w2025-05-22yGBzGifted by Dr. Waseem Akhter c31200d31200